<?xml version="1.0" encoding="UTF-8"?>
<record
    xmlns:xsi="http://www.w3.org/2001/XMLSchema-instance"
    xsi:schemaLocation="http://www.loc.gov/MARC21/slim http://www.loc.gov/standards/marcxml/schema/MARC21slim.xsd"
    xmlns="http://www.loc.gov/MARC21/slim">

  <leader>01215nam a22002417a 4500</leader>
  <controlfield tag="003">NALT</controlfield>
  <controlfield tag="005">20251028140533.0</controlfield>
  <controlfield tag="008">      s2558    th                  tha d</controlfield>
  <datafield tag="020" ind1=" " ind2=" ">
    <subfield code="a">9786160822331</subfield>
  </datafield>
  <datafield tag="040" ind1=" " ind2=" ">
    <subfield code="a">NALT</subfield>
  </datafield>
  <datafield tag="041" ind1="1" ind2=" ">
    <subfield code="a">tha</subfield>
  </datafield>
  <datafield tag="050" ind1=" " ind2=" ">
    <subfield code="a">PE 1460 </subfield>
    <subfield code="b">&#xE2B;111 2558</subfield>
  </datafield>
  <datafield tag="245" ind1="0" ind2="0">
    <subfield code="a">60 &#xE27;&#xE31;&#xE19;&#xE1E;&#xE39;&#xE14;&#xE2D;&#xE31;&#xE07;&#xE01;&#xE24;&#xE29;&#xE40;&#xE01;&#xE48;&#xE07;&#xE17;&#xE31;&#xE19;&#xE43;&#xE08;&#xE14;&#xE49;&#xE27;&#xE22;&#xE2A;&#xE33;&#xE19;&#xE27;&#xE19; &#xE27;&#xE25;&#xE35;&#xE2E;&#xE34;&#xE15;&#xE43;&#xE19;&#xE0A;&#xE35;&#xE27;&#xE34;&#xE15;&#xE1B;&#xE23;&#xE30;&#xE08;&#xE33;&#xE27;&#xE31;&#xE19; =</subfield>
    <subfield code="b">The way Americans speak : day-to-day phrases / </subfield>
    <subfield code="c">&#xE2D;&#xE18;&#xE34;&#xE18;&#xE31;&#xE0A; &#xE2A;&#xE32;&#xE17;&#xE23;&#xE01;&#xE34;&#xE08; &#xE41;&#xE25;&#xE30; &#xE40;&#xE1E;&#xE47;&#xE0D;&#xE28;&#xE34;&#xE23;&#xE34; &#xE23;&#xE31;&#xE15;&#xE19;&#xE28;&#xE23;&#xE35;, &#xE41;&#xE1B;&#xE25;.</subfield>
  </datafield>
  <datafield tag="260" ind1=" " ind2=" ">
    <subfield code="a">&#xE01;&#xE23;&#xE38;&#xE07;&#xE40;&#xE17;&#xE1E;&#xE2F; : </subfield>
    <subfield code="b">&#xE0B;&#xE35;&#xE40;&#xE2D;&#xE47;&#xE14;&#xE22;&#xE39;&#xE40;&#xE04;&#xE0A;&#xE31;&#xE48;&#xE19;, </subfield>
    <subfield code="c">2558.</subfield>
  </datafield>
  <datafield tag="300" ind1=" " ind2=" ">
    <subfield code="a">432 &#xE2B;&#xE19;&#xE49;&#xE32; :</subfield>
    <subfield code="b">&#xE20;&#xE32;&#xE1E;&#xE1B;&#xE23;&#xE30;&#xE01;&#xE2D;&#xE1A; ;</subfield>
    <subfield code="c">24 &#xE0B;&#xE21;. +</subfield>
    <subfield code="e">MP3</subfield>
  </datafield>
  <datafield tag="650" ind1=" " ind2="4">
    <subfield code="a">&#xE20;&#xE32;&#xE29;&#xE32;&#xE2D;&#xE31;&#xE07;&#xE01;&#xE24;&#xE29; </subfield>
    <subfield code="9">18416</subfield>
    <subfield code="x">&#xE2A;&#xE33;&#xE19;&#xE27;&#xE19;&#xE42;&#xE27;&#xE2B;&#xE32;&#xE23;</subfield>
  </datafield>
  <datafield tag="650" ind1=" " ind2="4">
    <subfield code="a">&#xE20;&#xE32;&#xE29;&#xE32;&#xE2D;&#xE31;&#xE07;&#xE01;&#xE24;&#xE29;</subfield>
    <subfield code="9">227</subfield>
    <subfield code="x">&#xE04;&#xE33;&#xE28;&#xE31;&#xE1E;&#xE17;&#xE4C;</subfield>
  </datafield>
  <datafield tag="650" ind1=" " ind2="4">
    <subfield code="a">&#xE20;&#xE32;&#xE29;&#xE32;&#xE2D;&#xE31;&#xE07;&#xE01;&#xE24;&#xE29;</subfield>
    <subfield code="9">467</subfield>
    <subfield code="x">&#xE1A;&#xE17;&#xE2A;&#xE19;&#xE17;&#xE19;&#xE32;&#xE41;&#xE25;&#xE30;&#xE27;&#xE25;&#xE35;</subfield>
  </datafield>
  <datafield tag="700" ind1="0" ind2=" ">
    <subfield code="9">23323</subfield>
    <subfield code="a">&#xE2D;&#xE18;&#xE34;&#xE18;&#xE31;&#xE0A; &#xE2A;&#xE32;&#xE17;&#xE23;&#xE01;&#xE34;&#xE08;</subfield>
  </datafield>
  <datafield tag="700" ind1="0" ind2=" ">
    <subfield code="a">&#xE40;&#xE1E;&#xE47;&#xE0D;&#xE28;&#xE34;&#xE23;&#xE34; &#xE23;&#xE31;&#xE15;&#xE19;&#xE28;&#xE23;&#xE35;</subfield>
    <subfield code="9">15952</subfield>
  </datafield>
  <datafield tag="850" ind1=" " ind2=" ">
    <subfield code="a">NALT</subfield>
  </datafield>
  <datafield tag="942" ind1=" " ind2=" ">
    <subfield code="c">GB</subfield>
    <subfield code="2">lcc</subfield>
  </datafield>
  <datafield tag="999" ind1=" " ind2=" ">
    <subfield code="c">74275</subfield>
    <subfield code="d">74275</subfield>
  </datafield>
  <datafield tag="998" ind1=" " ind2=" ">
    <subfield code="j">104</subfield>
    <subfield code="k"> &#xE19;&#xE32;&#xE07;&#xE2A;&#xE32;&#xE27;&#xE2A;&#xE32;&#xE22;&#xE1D;&#xE19;  &#xE14;&#xE35;&#xE07;&#xE32;&#xE21;</subfield>
  </datafield>
  <datafield tag="952" ind1=" " ind2=" ">
    <subfield code="0">0</subfield>
    <subfield code="1">0</subfield>
    <subfield code="2">lcc</subfield>
    <subfield code="4">0</subfield>
    <subfield code="7">0</subfield>
    <subfield code="8">CGBL</subfield>
    <subfield code="a">NALT</subfield>
    <subfield code="b">NALT</subfield>
    <subfield code="c">GEN</subfield>
    <subfield code="e">&#xE08;&#xE31;&#xE14;&#xE0B;&#xE37;&#xE49;&#xE2D;&#xE17;&#xE23;&#xE31;&#xE1E;&#xE22;&#xE32;&#xE01;&#xE23;</subfield>
    <subfield code="l">37</subfield>
    <subfield code="m">25</subfield>
    <subfield code="o">PE 1460 &#xE2B;111 2558</subfield>
    <subfield code="p">3961201423</subfield>
    <subfield code="r">2018-08-09 00:00:00</subfield>
    <subfield code="s">2018-08-01</subfield>
    <subfield code="w">2017-06-09</subfield>
    <subfield code="y">GB</subfield>
  </datafield>
</record>
